000 00564nam a22002177a 4500
003 UA-OsUOA
001 51783
007 ta
008 20141027b un ||||| |||| 00| 0 ukr d
100 _aHorak S.
090 _a930.1
942 _cBR
040 _aUA-OsUOA
_beng
_cUA-OsUOA
_dUA-OsUOA
245 _aMichael Hrushevsky: Portrait of an Historian
300 _aP. 341-356 с.
955 _a1
041 _aeng
080 _a930.1
650 7 _a930 Історична наука. Допоміжні історичні дисципліни
_2UDC
999 _c431908
_d431908